Philadelphia 76ers leading scorer each game (2024-2025 season) - Statistics

General Stats
  • This quiz has been taken 19 times
  • The average score is 7 of 12
Answer Stats
# of games Player % Correct
8 Joel Embiid
100%
31 Tyrese Maxey
100%
7 Paul George
83%
3 Kelly Oubre Jr.
67%
1 Adem Bona
61%
8 Jared McCain
61%
1 Andre Drummond
56%
3 Justin Edwards
56%
13 Quentin Grimes
56%
2 Jared Butler
33%
3 Lonnie Walker IV
28%
2 Jeff Dowtin Jr.
17%
No matching quizzes found
Score Distribution
Percent of People with Each Score
Percentile by Number Answered
Your Score History
You have not taken this quiz